1411 1706 1604 1218 1318 1236 1099 1451 1937 1606 1028 1587 1822 1433 1953 1529 1521 1309 1217 1975 1283 1004 1176 1570 1380 1054 1589 1537 1658 1277 1300 1974 1040 1947 1812 1794 1132 1477 1253 1423 1222 1041 1118 1222 1548 1387 1306 1669 1643 1606 1537 1549 1197 1979 1072 1083 1879 1107 1702 1774 1831 1098 1520 1484 1382 1618 1488 1589 1192 1135 1970 1560 1343 1846 1998 1295 1780 1965 1160 1463 1538 1462 1246 1712 1619 1703 1066 1437 1931 1455 1902 1757 1144 1982 1170 1848 1525 1735 1361 BCNSPRNW ULIB Ver.6.0+V

เปลี่ยนเป็นภาษาไทย

Change to English
 แสดงรายละเอียดบรรณานุกรม
  กลับหน้าหลัก

Brief Record : Get Marc (ISO 2709) : E-mail record : QR code < ปิดหน้าต่าง
LEADER : 00000nam 2200000uu 4500
001    13399114683
003     ULIB
008    120429s2553||||th 000 0 tha d
020    ^a9786167287225
060 04 ^aWC515^bช576ร
245 00 ^aเรียนรู้และเข้าใจ ไข้หวัดใหญ่ตามฤดูกาลไข้หวัดนกและไข้หวัดใหญ่สายพันธุ์ใหม่ 2009 /^cศูนย์ฝึกอบรมทักษะการสื่อสาร ฝ่ายกุมารเวชศาสตร์ โรงพยาบาลจุฬาลงกรณ์ ; บรรณาธิการ, ชิษณุ พันธุ์เจริญ, ธันยวีร์ ภูธนกิจ, จรุงจิตร์ งามไพบูลย์
260    ^aกรุงเทพฯ :^bศูนย์ฝึกอบรมทักษะการสื่อสาร ฝ่ายกุมารเวชศาสตร์โรงพยาบาลจุฬาลงกรณ์,^c2553
300    ^a112 หน้า ;^c21 ซม.
650  7 ^aไข้หวัดใหญ่
650  7 ^aไข้หวัดนก
650  7 ^aไข้หวัดใหญ่สายพันธุ์ใหม่ 2009
700 0  ^aชิษณุ พันธุ์เจริญ,^eบรรณาธิการ
700 0  ^aธันยวีร์ ภูธนกิจ,^eบรรณาธิการ
700 0  ^aจรุงจิตร์ งามไพบูลย์,^eบรรณาธิการ
710 2  ^aโรงพยาบาลจุฬาลงกรณ์. ^bฝ่ายกุมารเวชศาสตร์.^bศูนย์ฝึกอบรมทักษะการสื่อสาร
945    ^p120^l0^i18983
945    ^p120^l0^i16858
945    ^p120^l0^i16857
995    ^a เกษร
999    ^aใช้งานได้ทุกระบบ
รายการนี้ยังไม่มีแท็ก
คุณยังไม่ได้ล็อกอิน คุณสามารถมีกิจกรรมร่วมกับเว็บไซต์ได้ แต่ต้องล็อกอินก่อน ::
  ล็อกอิน

รายการสื่อสารสนเทศ

ลำดับที่ ประเภท เลขเรียก/บาร์โค้ด สถานที่ สถานะ
1. วิทยาศาสตร์การแพทย์ และสุขภาพ
วิทยาศาสตร์การแพทย์ และสุขภาพ
สถานะ=หนังสือเก่า
WC515 ช576ร  
  Barcode: 18983
ห้องสมุดวิทยาเขตนครสวรรค์
►ส่วนจัดเก็บหนังสือเก่า นว.
บนชั้น
  ขอยืม
2. การศึกษาทั่วไป
การศึกษาทั่วไป
สถานะ=หนังสือเก่า
WC515 ช576ร ฉ.2 
  Barcode: 16858
ห้องสมุดวิทยาเขตนครสวรรค์
►ส่วนจัดเก็บหนังสือเก่า นว.
บนชั้น
  ขอยืม
3. วิทยาศาสตร์การแพทย์ และสุขภาพ
วิทยาศาสตร์การแพทย์ และสุขภาพ
สถานะ=หนังสือเก่า
WC515 ช576ร ฉ.3 
  Barcode: 16857
ห้องสมุดวิทยาเขตนครสวรรค์
►ส่วนจัดเก็บหนังสือเก่า นว.
บนชั้น
  ขอยืม

รายการใกล้เคียง
    หัวเรื่อง [ไข้หวัดใหญ่]
    หัวเรื่อง [ไข้หวัดนก]
    หัวเรื่อง [ไข้หวัดใหญ่สายพันธุ์ใหม่ 2009]

BibComment


ยังไม่เคยถูกคอมเมนท์

คอมเมนท์ทรัพยากรรายการนี้
  คอมเมนท์: เรียนรู้และเข้าใ..


 Copyright 2026. Bcnsprnw @Library